Vista normal Vista MARC

Entrada Término Cronológico

Número de registros utilizados en: 2

001 - CONTROL NUMBER

  • control field: 6197

003 - CONTROL NUMBER IDENTIFIER

  • control field: AR-RoUNA

005 - DATE AND TIME OF LATEST TRANSACTION

  • control field: 20170330112752.0

008 - FIXED-LENGTH DATA ELEMENTS

  • fixed length control field: 170330|| aca||aabn | a|a d

040 ## - CATALOGING SOURCE

  • Original cataloging agency: AR-RoUNA
  • Transcribing agency: AR-RoUNA

148 ## - HEADING--CHRONOLOGICAL TERM

  • Chronological term: 1983-1992

670 ## - SOURCE DATA FOUND

  • Source citation: Work cat.: (AR-RoUNA)5000: Tadao Ando, 1994